[Event "The Old Ones Are Sometimes The Best. . . "]
[Site "SchemingMind.com"]
[Date "2011.08.25"]
[Round "-"]
[White "jtrochez1"]
[Black "cnile"]
[Result "1-0"]
[WhiteCountry "HON"]
[BlackCountry "SCO"]
[WhiteElo "1571"]
[WhiteRD "53"]
[BlackElo "1437"]
[BlackRD "62"]
[GameID "291543"]

1. e4 e6 2. d4 d5 3. e5 c5 4. c3 Nc6 5. Nf3 Nge7 6. Be2 Nf5 7. a3 cxd4 8. cxd4 Qb6 9. Qa4 Bd7 10. Bb5 Be7
11. O-O Rc8 12. Bxc6 Bxc6 13. Qd1 Bb5 14. Re1 O-O 15. a4 Bc4 16. a5 Qb3 17. Qxb3 Bxb3 18. Nc3 a6 19. Bd2 Bb4 20. Rec1 Bxc3
21. bxc3 Rc4 22. Rcb1 Ra4 23. Rxa4 Bxa4 24. Rxb7 Bb5 25. g4 Ne7 26. Rxe7 Ra8 27. Ng5 Be8 28. f4 Rc8 29. f5 Rb8 30. fxe6
1-0

[Event "The Old Ones Are Sometimes The Best. . . "]
[Site "SchemingMind.com"]
[Date "2011.08.25"]
[Round "-"]
[White "cnile"]
[Black "jtrochez1"]
[Result "0-1"]
[WhiteCountry "SCO"]
[BlackCountry "HON"]
[WhiteElo "1483"]
[WhiteRD "65"]
[BlackElo "1592"]
[BlackRD "49"]
[GameID "291544"]

1. e4 e6 2. d4 d6 3. Nc3 g6 4. Nf3 Bg7 5. Be3 Ne7 6. Be2 a6 7. Qd2 Bd7 8. O-O-O b5 9. e5 d5 10. h4 Nf5
11. Bg5 Ne7 12. g4 b4 13. Na4 Bxa4 14. b3 Bd7 15. h5 h6 16. hxg6 fxg6 17. Bxh6 Rg8 18. Bg5 Nbc6 19. Qd3 Qc8 20. Qxg6+ Nxg6
0-1

[Event "The Old Ones Are Sometimes The Best. . . "]
[Site "SchemingMind.com"]
[Date "2011.08.27"]
[Round "-"]
[White "Olli Ylönen"]
[Black "jtrochez1"]
[Result "1/2-1/2"]
[WhiteCountry "FIN"]
[BlackCountry "HON"]
[WhiteElo "1734"]
[WhiteRD "51"]
[BlackElo "1592"]
[BlackRD "49"]
[GameID "291700"]

1. e4 e6 2. d4 d6 3. Nf3 c6 4. c4 Be7 5. Nc3 h6 6. Bd3 b6 7. O-O a5 8. e5 Nd7 9. Re1 f5 10. exd6 Bxd6
11. Bxf5 Nf8 12. Ne5 Bxe5 13. Rxe5 Nf6 14. d5 g6 15. Bxe6 Nxe6 16. dxe6 Qxd1+ 17. Nxd1 Ke7 18. Be3 c5 19. Nc3 Ng4 20. Nb5 Nxe5
21. Re1 Nxc4 22. Nc7 Ra7 23. Nd5+ Ke8 24. Bf4 g5 25. Bc7 b5 26. b3 Na3 27. Nf6+ Ke7 28. Nd5+ Ke8 29. Nf6+ Ke7 30. Nd5+ Ke8
31. Nf6+
1/2-1/2

[Event "The Old Ones Are Sometimes The Best. . . "]
[Site "SchemingMind.com"]
[Date "2011.08.28"]
[Round "-"]
[White "Olli Ylönen"]
[Black "cnile"]
[Result "1-0"]
[WhiteCountry "FIN"]
[BlackCountry "SCO"]
[WhiteElo "1734"]
[WhiteRD "51"]
[BlackElo "1483"]
[BlackRD "65"]
[GameID "291701"]

1. e4 e6 2. d4 d5 3. exd5 exd5 4. Bd3 Bd6 5. Nf3 Ne7 6. O-O Nd7 7. Re1 O-O 8. Nc3 f6 9. Bd2 Re8 10. Nb5 Nf8
11. Nxd6 Qxd6 12. a3 Bf5 13. Bxf5 Nxf5 14. Bb4 Qc6 15. Qd3 Kh8 16. Qxf5 Qxc2 17. Qxc2
1-0

[Event "The Old Ones Are Sometimes The Best. . . "]
[Site "SchemingMind.com"]
[Date "2011.08.27"]
[Round "-"]
[White "jtrochez1"]
[Black "Olli Ylönen"]
[Result "1-0"]
[WhiteCountry "HON"]
[BlackCountry "FIN"]
[WhiteElo "1592"]
[WhiteRD "49"]
[BlackElo "1734"]
[BlackRD "51"]
[GameID "291702"]

1. e4 e6 2. d4 d5 3. e5 c5 4. Nf3 Nc6 5. c3 Qb6 6. Qa4 Bd7 7. Bb5 Nxd4 8. Bxd7+ Kd8 9. cxd4 cxd4 10. Qb5 Qc7
11. O-O a6 12. Qa4 Qxd7 13. Qxd7+ Kxd7 14. Nxd4 Bc5 15. Be3 Bxd4 16. Bxd4 f6 17. f4 fxe5 18. Bxe5 Nf6 19. Nd2 Rhg8 20. Bxf6 gxf6
21. Rac1 Rac8 22. Nb3 Rxc1 23. Rxc1 Rc8 24. Rxc8 Kxc8 25. Kf2 e5 26. f5 Kd7 27. g4 Kd6 28. Ke3 b6 29. a4 b5 30. a5 Kc6
31. h4 b4 32. Nd2 Kb5 33. g5 Kc6 34. b3 Kd7 35. Nf3 Ke7 36. h5 fxg5 37. Nxg5 h6 38. Nf3 Kf6 39. Nd4 Kg5 40. Nc6 Kxf5
41. Nxb4
1-0

[Event "The Old Ones Are Sometimes The Best. . . "]
[Site "SchemingMind.com"]
[Date "2011.08.28"]
[Round "-"]
[White "cnile"]
[Black "Olli Ylönen"]
[Result "0-1"]
[WhiteCountry "SCO"]
[BlackCountry "FIN"]
[WhiteElo "1504"]
[WhiteRD "59"]
[BlackElo "1778"]
[BlackRD "48"]
[GameID "291703"]

1. e4 e6 2. d4 d5 3. Nd2 c5 4. Ngf3 cxd4 5. Nxd4 Nf6 6. e5 Nfd7 7. f4 Nxe5 8. fxe5 Qh4+ 9. g3 Qxd4 10. Nf3 Qb6
11. Bd3 Bc5 12. Bg5 Bf2+ 13. Kf1 Be3 14. Bxe3 Qxe3 15. Bb5+ Bd7 16. Bxd7+ Nxd7 17. c4 Nxe5 18. Nxe5 Qxe5 19. Qa4+ Ke7 20. Qa3+ Qd6
21. Qxd6+ Kxd6 22. cxd5 Kxd5 23. Kf2 Kd6 24. Rhd1+ Ke7 25. Rd3 Rhd8 26. Rc3 Rac8 27. Rac1 Rxc3 28. Rxc3 Rd2+ 29. Kf3 Rxb2 30. Rc7+ Kf6
31. Kg4 Rxh2 32. Rxb7 Rxa2 33. Kh3 a5 34. Ra7 Ke5 35. Rxf7 a4 36. Rxg7 a3 37. Rxh7 Ra1 38. Kg4 a2 39. Ra7 Kd4 40. Ra4+ Kc3
41. Ra6 Kb2 42. Rb6+ Kc2 43. Rc6+ Kd3 44. Rd6+ Kc4 45. Rc6+ Kd5 46. Ra6 e5 47. Ra5+ Kd4 48. Ra4+ Kc3 49. Ra3+ Kb2 50. Re3 Rc1
51. Re2+ Kb1 52. Rxe5 Rc4+ 53. Kh3 a1=Q 54. Re1+ Rc1
0-1

[Event "The Old Ones Are Sometimes The Best. . . "]
[Site "SchemingMind.com"]
[Date "2011.08.29"]
[Round "-"]
[White "agulla"]
[Black "jtrochez1"]
[Result "1-0"]
[WhiteCountry "ESP"]
[BlackCountry "HON"]
[WhiteElo "1892"]
[WhiteRD "96"]
[BlackElo "1571"]
[BlackRD "53"]
[GameID "291785"]

1. e4 e6 2. d4 d6 3. c4 Be7 4. Nc3 Nf6 5. Bd3 e5 6. d5 h6 7. Nge2 Bg4 8. O-O a6 9. f4 Nbd7 10. Qe1 Nh5
11. f5 Bxe2 12. Bxe2 Nhf6 13. g4 Nf8 14. b4 N8h7 15. Kg2 Qd7 16. b5 O-O 17. h4 Rfe8 18. g5 Kf8 19. gxf6 Nxf6 20. Kh2 Ng8
21. Qg3 Bf6 22. Rg1 Qe7 23. Nd1 Rec8 24. Ne3 Ke8 25. Kh3 Kd7 26. Bd2 h5 27. a4 Nh6 28. Bxh5 Rg8 29. Ng4 Nxg4 30. Bxg4 Rh8
31. h5 Rh7 32. Kg2 Rg8 33. b6 Qd8 34. Rab1 cxb6 35. Qf2 b5 36. cxb5 Qa8 37. Qb6 Bd8 38. f6+ Ke8 39. Qxd6 gxf6 40. Qd7+ Kf8
41. Bb4+ Kg7 42. Kf3 Kh8 43. Bf5 Bb6 44. Rxg8+ Qxg8 45. Bxh7 Qxh7 46. Qf5 Qxf5+ 47. exf5 a5 48. Bd2 Bc5 49. Rc1 b6 50. Rxc5
1-0

[Event "The Old Ones Are Sometimes The Best. . . "]
[Site "SchemingMind.com"]
[Date "2011.08.29"]
[Round "-"]
[White "agulla"]
[Black "cnile"]
[Result "1-0"]
[WhiteCountry "ESP"]
[BlackCountry "SCO"]
[WhiteElo "1932"]
[WhiteRD "91"]
[BlackElo "1504"]
[BlackRD "59"]
[GameID "291786"]

1. e4 e6 2. d3 c5 3. f4 d5 4. Nc3 Nc6 5. Nf3 Nf6 6. g3 Qa5 7. Bd2 Bd7 8. Nxd5 Qd8 9. Nxf6+ Qxf6 10. Bc3 Qd8
11. Bg2 f6 12. O-O Be7 13. Kh1 O-O 14. Qe2 Qc8 15. g4 e5 16. f5 Nd4 17. Nxd4 cxd4 18. Be1 Qc7 19. c3 dxc3 20. bxc3 Bc6
21. d4 exd4 22. cxd4 Rae8 23. Bg3 Bd6 24. Bxd6 Qxd6 25. Rad1 a6 26. Rfe1 Qf4 27. d5 Bb5 28. Qf3 Qxf3 29. Bxf3 Re5 30. Rc1 Re7
31. Kg2 Rfe8 32. Re3 Kf7 33. h4 Bd7 34. d6 Re5 35. Rc7 Kf8 36. Rxd7 b5 37. Rc3 a5 38. Rcc7 a4 39. Rf7+ Kg8 40. Rxg7+ Kh8
41. Rxh7+ Kg8 42. Rcg7+ Kf8 43. h5 Rd8 44. h6 Rxd6 45. Rh8#
1-0

[Event "The Old Ones Are Sometimes The Best. . . "]
[Site "SchemingMind.com"]
[Date "2011.09.02"]
[Round "-"]
[White "agulla"]
[Black "Olli Ylönen"]
[Result "0-1"]
[WhiteCountry "ESP"]
[BlackCountry "FIN"]
[WhiteElo "1787"]
[WhiteRD "118"]
[BlackElo "1734"]
[BlackRD "51"]
[GameID "291787"]

1. e4 e6 2. d3 d5 3. Nd2 Nf6 4. Ngf3 b6 5. Qe2 Be7 6. g3 c5 7. Bg2 Nc6 8. c3 Ba6 9. e5 Nd7 10. Qe3 Qc7
11. d4 cxd4 12. cxd4 Nb4
0-1

[Event "The Old Ones Are Sometimes The Best. . . "]
[Site "SchemingMind.com"]
[Date "2011.08.29"]
[Round "-"]
[White "jtrochez1"]
[Black "agulla"]
[Result "0-1"]
[WhiteCountry "HON"]
[BlackCountry "ESP"]
[WhiteElo "1571"]
[WhiteRD "53"]
[BlackElo "1892"]
[BlackRD "96"]
[GameID "291788"]

1. e4 e6 2. d4 d5 3. e5 c5 4. c3 Nc6 5. Bb5 cxd4 6. cxd4 Qa5+ 7. Nc3 Bb4 8. Bxc6+ bxc6 9. Ne2 c5 10. Bd2 Ba6
11. O-O cxd4 12. Nb1 Bxd2 13. Nxd2 Qb6 14. b3 Ne7 15. Re1 Nc6 16. Nf3 d3 17. Nf4 Nb4 18. Qd2 Nc2 19. Nxd3 Nxa1 20. Rxa1 Bxd3
21. Qxd3 h6 22. Rc1 O-O 23. Qd4 Qxd4 24. Nxd4 Rfc8 25. Rc6 Kf8 26. f4 Rxc6 27. Nxc6 Ke8 28. b4 a6 29. a4 Rc8 30. b5 Rxc6
31. bxc6 Kd8 32. Kf2 Kc7 33. Ke3 Kxc6 34. Kd4 g6 35. g4 Kb6 36. h4 h5 37. gxh5 gxh5 38. f5 Kc6 39. f6 Kb6 40. Ke3 Kc5
41. Kd3 a5 42. Kc3 d4+ 43. Kd3 Kd5 44. Kc2 Kxe5 45. Kd3 Kd5
0-1

[Event "The Old Ones Are Sometimes The Best. . . "]
[Site "SchemingMind.com"]
[Date "2011.08.29"]
[Round "-"]
[White "cnile"]
[Black "agulla"]
[Result "0-1"]
[WhiteCountry "SCO"]
[BlackCountry "ESP"]
[WhiteElo "1437"]
[WhiteRD "62"]
[BlackElo "1892"]
[BlackRD "96"]
[GameID "291789"]

1. e4 e6 2. d4 d5 3. Nd2 c5 4. Ngf3 Nf6 5. Bd3 c4 6. Be2 dxe4 7. Ne5 Qxd4 8. Ng4 Nxg4 9. Bxg4 f5 10. Be2 c3
11. Nb3 Qxd1+ 12. Bxd1 cxb2 13. Bxb2 Bb4+ 14. c3 Be7 15. c4 Kf7 16. O-O Nc6 17. Be2 Bd7 18. c5 Bf6 19. Bxf6 Kxf6 20. Rfd1 Rad8
21. Rd6 Bc8 22. Rad1 Rxd6 23. cxd6 Rd8 24. Bc4 b6 25. Bb5 Bb7 26. g3 Ke5 27. Kg2 Rxd6 28. Rc1 a6 29. Be2 g5 30. h3 Kf6
0-1

[Event "The Old Ones Are Sometimes The Best. . . "]
[Site "SchemingMind.com"]
[Date "2011.09.02"]
[Round "-"]
[White "Olli Ylönen"]
[Black "agulla"]
[Result "0-1"]
[WhiteCountry "FIN"]
[BlackCountry "ESP"]
[WhiteElo "1734"]
[WhiteRD "51"]
[BlackElo "1787"]
[BlackRD "118"]
[GameID "291790"]

1. e4 e6 2. d4 d5 3. Nc3 Bb4 4. e5 c5 5. a3 Bxc3+ 6. bxc3 Ne7 7. Qg4 Qc7 8. Qxg7 Rg8 9. Qxh7 cxd4 10. Ne2 Nbc6
11. f4 Bd7 12. Qd3 dxc3 13. Qxc3 Rc8 14. Rb1 Nf5 15. Bd2 d4 16. Qd3 Na5 17. Nxd4 Nxd4 18. Qxd4 Qxc2 19. Rc1 Nb3 20. Rxc2 Nxd4
21. Rxc8+ Bxc8 22. a4 b6 23. g3 Bb7 24. Rg1 Nf3+ 25. Kf2 Nxd2 26. Bb5+ Kf8 27. Rc1 Ne4+ 28. Ke3 Nc5 29. h3 Rxg3+
0-1

[Event "The Old Ones Are Sometimes The Best. . . "]
[Site "SchemingMind.com"]
[Date "2011.09.11"]
[Round "-"]
[White "cnbcad"]
[Black "jtrochez1"]
[Result "0-1"]
[WhiteCountry "USA"]
[BlackCountry "HON"]
[WhiteElo "1522"]
[WhiteRD "58"]
[BlackElo "1606"]
[BlackRD "54"]
[GameID "292708"]

1. e4 e6 2. d4 d6 3. c4 c6 4. Nf3 h6 5. Nc3 Be7 6. g3 Nd7 7. Bg2 e5 8. d5 c5 9. O-O a6 10. a3 Bg5
11. b4 Bxc1 12. Rxc1 cxb4 13. axb4 b6 14. b5 a5 15. Na4 Ne7 16. h3 Ng6 17. Nh2 Nf6 18. f3 Nh5 19. Qe1 f5 20. exf5 Bxf5
21. g4 Nhf4 22. gxf5 Nh4 23. Rc2 Nxf5 24. Ng4 Nxg2 25. Rxg2 Nh4
0-1

[Event "The Old Ones Are Sometimes The Best. . . "]
[Site "SchemingMind.com"]
[Date "2011.09.11"]
[Round "-"]
[White "cnbcad"]
[Black "agulla"]
[Result "0-1"]
[WhiteCountry "USA"]
[BlackCountry "ESP"]
[WhiteElo "1690"]
[WhiteRD "68"]
[BlackElo "1892"]
[BlackRD "96"]
[GameID "292709"]

1. e4 e6 2. d4 d5 3. Nc3 Bb4 4. Bb5+ c6 5. Ba4 dxe4 6. Ne2 f5 7. Bd2 Nf6 8. O-O O-O 9. a3 Bd6 10. Bb3 Nd5
11. Nxd5 exd5 12. c4 Be6 13. c5 Bc7 14. Bf4 g5 15. Bd2 f4 16. f3 e3 17. Bc3 Nd7 18. Bc2 Bf5 19. Bxf5 Rxf5 20. Qd3 Rf7
21. b4 Qf6 22. a4 Qf5
0-1

[Event "The Old Ones Are Sometimes The Best. . . "]
[Site "SchemingMind.com"]
[Date "2011.09.11"]
[Round "-"]
[White "cnbcad"]
[Black "cnile"]
[Result "0-1"]
[WhiteCountry "USA"]
[BlackCountry "SCO"]
[WhiteElo "1522"]
[WhiteRD "58"]
[BlackElo "1504"]
[BlackRD "59"]
[GameID "292710"]

1. e4 e6 2. f4 c5 3. Nf3 d5 4. Bb5+ Bd7 5. Bxd7+ Nxd7 6. e5 Ne7 7. O-O Qb6 8. d4 cxd4 9. Kh1 Nf5 10. c3 Nc5
11. b4 Ne4 12. Nxd4 Be7 13. Nxf5 Nf2+ 14. Rxf2 Qxf2 15. a4 exf5 16. Bd2 O-O 17. Na3 Rad8 18. Nc2 Bh4
0-1

[Event "The Old Ones Are Sometimes The Best. . . "]
[Site "SchemingMind.com"]
[Date "2011.09.10"]
[Round "-"]
[White "cnbcad"]
[Black "Olli Ylönen"]
[Result "0-1"]
[WhiteCountry "USA"]
[BlackCountry "FIN"]
[WhiteElo "1522"]
[WhiteRD "58"]
[BlackElo "1778"]
[BlackRD "48"]
[GameID "292711"]

1. e4 e6 2. f4 d5 3. e5 c5 4. Bb5+ Bd7 5. Bxd7+ Qxd7 6. d3 Nc6 7. Nc3 Nh6 8. Nh3 a6 9. Bd2 Nf5 10. Qh5 g6
11. Qg4 Bg7 12. Ng5 Ncd4 13. O-O-O b5 14. Ne2 Nxe2+ 15. Qxe2 O-O 16. g4 Nd4 17. Qf1 c4 18. dxc4 bxc4 19. Bc3 Nb5 20. Bb4 Rfc8
0-1

[Event "The Old Ones Are Sometimes The Best. . . "]
[Site "SchemingMind.com"]
[Date "2011.09.11"]
[Round "-"]
[White "jtrochez1"]
[Black "cnbcad"]
[Result "1-0"]
[WhiteCountry "HON"]
[BlackCountry "USA"]
[WhiteElo "1606"]
[WhiteRD "54"]
[BlackElo "1522"]
[BlackRD "58"]
[GameID "292712"]

1. e4 e6 2. d4 d5 3. e5 c5 4. c3 c4 5. Nf3 Nd7 6. a4 f6 7. Bf4 h6 8. h3 fxe5 9. Nxe5 Nxe5 10. Bxe5 Nf6
11. Nd2 Bd6 12. Bxc4 dxc4 13. Nxc4 Bc7 14. b4 Bxe5 15. Nxe5 O-O 16. O-O Nd5 17. Qb3 b6 18. Nf3 Qe8 19. Rfe1 Bd7 20. b5 Qg6
21. Ne5 Qf5 22. Qb2 Rad8 23. c4 Nf4 24. Re3 Rf6 25. Rf1
1-0

[Event "The Old Ones Are Sometimes The Best. . . "]
[Site "SchemingMind.com"]
[Date "2011.09.11"]
[Round "-"]
[White "agulla"]
[Black "cnbcad"]
[Result "1-0"]
[WhiteCountry "ESP"]
[BlackCountry "USA"]
[WhiteElo "1892"]
[WhiteRD "96"]
[BlackElo "1690"]
[BlackRD "68"]
[GameID "292713"]

1. e4 e6 2. d3 d5 3. Nd2 d4 4. f4 Qh4+ 5. g3 Qd8 6. Bg2 Nc6 7. Ne2 Bb4 8. O-O Bd7 9. Nf3 Qe7 10. Nexd4 Nxd4
11. Nxd4 Bc5 12. Be3 O-O-O 13. Qe2 Bc6 14. Nxc6 Qd6 15. Ne5 Bxe3+ 16. Qxe3 Kb8 17. Nxf7 Qe7 18. Nxh8 Nf6 19. e5 Nd5 20. Bxd5 exd5
21. d4 Rxh8 22. f5
1-0

[Event "The Old Ones Are Sometimes The Best. . . "]
[Site "SchemingMind.com"]
[Date "2011.09.10"]
[Round "-"]
[White "cnile"]
[Black "cnbcad"]
[Result "1-0"]
[WhiteCountry "SCO"]
[BlackCountry "USA"]
[WhiteElo "1504"]
[WhiteRD "59"]
[BlackElo "1522"]
[BlackRD "58"]
[GameID "292714"]

1. e4 e6 2. d4 d5 3. Nd2 c5 4. Ngf3 cxd4 5. Nxd4 e5 6. N4f3 dxe4 7. Nxe4 Qxd1+ 8. Kxd1 Nc6 9. Bd2 Bf5 10. Ng3 Bg4
11. Be2 Bb4 12. Bxb4 Nxb4 13. Kc1 O-O-O 14. Rd1 Nf6 15. Nxe5 Rxd1+ 16. Bxd1 Bxd1 17. Kxd1 Rd8+ 18. Ke2
1-0

[Event "The Old Ones Are Sometimes The Best. . . "]
[Site "SchemingMind.com"]
[Date "2011.09.10"]
[Round "-"]
[White "Olli Ylönen"]
[Black "cnbcad"]
[Result "1-0"]
[WhiteCountry "FIN"]
[BlackCountry "USA"]
[WhiteElo "1778"]
[WhiteRD "48"]
[BlackElo "1522"]
[BlackRD "58"]
[GameID "292715"]

1. e4 e6 2. d4 d5 3. Nc3 dxe4 4. Nxe4 c5 5. Nxc5 a6 6. Nb3 Nf6 7. Nf3 Be7 8. Bd3 Nc6 9. O-O O-O 10. Bg5 Nb4
11. Bxf6 Bxf6 12. a3 Nxd3 13. Qxd3 b5 14. a4 bxa4 15. Rxa4 Bd7 16. Rxa6 Rb8 17. c4 Bc8 18. Raa1 Bb7 19. Rfd1 e5 20. dxe5
1-0

[Event "The Old Ones Are Sometimes The Best. . . "]
[Site "SchemingMind.com"]
[Date "2011.09.11"]
[Round "-"]
[White "aadaam"]
[Black "cnbcad"]
[Result "1-0"]
[WhiteCountry "INT"]
[BlackCountry "USA"]
[WhiteElo "1647"]
[WhiteRD "77"]
[BlackElo "1522"]
[BlackRD "58"]
[GameID "292767"]

1. e4 e6 2. d4 d5 3. Nc3 Bb4 4. e5 Nd7 5. a3 Bxc3+ 6. bxc3 f6 7. f4 f5 8. a4 b6 9. Ba3 Ne7 10. Nf3 O-O
11. c4 Ba6 12. cxd5 Bxf1 13. Kxf1 Nxd5 14. Qd2 c5 15. c4 Nc7 16. d5 exd5 17. cxd5 Re8 18. Kf2 Nf8 19. Rhd1 h6 20. Qd3 a6
21. d6 Nce6 22. Qxf5 Ra7 23. Qd3 Nxf4 24. Qb3+ N4e6 25. Qd5 Kh8 26. a5 b5 27. Bxc5 Nxc5 28. Qxc5
1-0

[Event "The Old Ones Are Sometimes The Best. . . "]
[Site "SchemingMind.com"]
[Date "2011.09.12"]
[Round "-"]
[White "aadaam"]
[Black "jtrochez1"]
[Result "1-0"]
[WhiteCountry "INT"]
[BlackCountry "HON"]
[WhiteElo "1578"]
[WhiteRD "78"]
[BlackElo "1592"]
[BlackRD "49"]
[GameID "292768"]

1. e4 e6 2. d4 d5 3. Nc3 dxe4 4. Nxe4 h6 5. Bd2 Nf6 6. Nxf6+ Qxf6 7. Bc3 Qd8 8. g3 c6 9. Bg2 Nd7 10. Nf3 Be7
11. O-O Nf6 12. Re1 Nd5 13. Bd2 Bg5 14. Nxg5 hxg5 15. c4 Nc7 16. Bc3 f6 17. Qc2 Kf7 18. Rad1 Rh6 19. Qe2 Qh8 20. h3 Bd7
21. d5 Rd8 22. d6 Ne8 23. c5 Qf8 24. b4 b5 25. Bxc6 Rxh3 26. Bxd7
1-0

[Event "The Old Ones Are Sometimes The Best. . . "]
[Site "SchemingMind.com"]
[Date "2011.09.14"]
[Round "-"]
[White "aadaam"]
[Black "agulla"]
[Result "0-1"]
[WhiteCountry "INT"]
[BlackCountry "ESP"]
[WhiteElo "1578"]
[WhiteRD "78"]
[BlackElo "1787"]
[BlackRD "118"]
[GameID "292769"]

1. e4 e6 2. d4 d5 3. Nc3 Bb4 4. e5 c5 5. a3 Bxc3+ 6. bxc3 Ne7 7. f4 Nbc6 8. Nf3 Nf5 9. g4 Nh4 10. Be3 Nxf3+
11. Qxf3 Qa5 12. Bd2 Qa4 13. f5 cxd4 14. Bd3 Nxe5 15. Qf4 Nxd3+ 16. cxd3 Bd7 17. fxe6 Bxe6 18. Qc7 dxc3 19. Bxc3 Qxg4 20. Bb4 Qh4+
21. Kd2 Qf2+ 22. Kc3 Rc8
0-1

[Event "The Old Ones Are Sometimes The Best. . . "]
[Site "SchemingMind.com"]
[Date "2011.09.11"]
[Round "-"]
[White "aadaam"]
[Black "cnile"]
[Result "1-0"]
[WhiteCountry "INT"]
[BlackCountry "SCO"]
[WhiteElo "1624"]
[WhiteRD "73"]
[BlackElo "1437"]
[BlackRD "62"]
[GameID "292770"]

1. e4 e6 2. d4 d5 3. Nc3 Nf6 4. e5 Nfd7 5. Nf3 c5 6. Be2 Nc6 7. Be3 cxd4 8. Bxd4 Nxd4 9. Qxd4 Qc7 10. O-O Bc5
11. Qg4 O-O 12. Bd3 h6 13. Rae1 Rd8 14. Qh5 Be7 15. Nh4 Nxe5 16. Rxe5 Bxh4 17. Qxh4 Qxe5 18. Qxd8#
1-0

[Event "The Old Ones Are Sometimes The Best. . . "]
[Site "SchemingMind.com"]
[Date "2011.09.16"]
[Round "-"]
[White "aadaam"]
[Black "Olli Ylönen"]
[Result "0-1"]
[WhiteCountry "INT"]
[BlackCountry "FIN"]
[WhiteElo "1624"]
[WhiteRD "73"]
[BlackElo "1759"]
[BlackRD "55"]
[GameID "292771"]

1. e4 e6 2. d4 d5 3. Nc3 Bb4 4. e5 c5 5. a3 Bxc3+ 6. bxc3 Ne7 7. Qg4 O-O 8. h4 Nbc6 9. Bh6 Nf5 10. Bg5 Qa5
11. Bd2 Qa4 12. Bd3 cxd4 13. h5 Nxe5 14. Qf4 Nxd3+ 15. cxd3 Qc2 16. g4 Qxd3 17. gxf5 dxc3 18. Be3 Qxf5 19. Qg3 d4 20. h6 g6
21. Bxd4 Qe4+ 22. Kf1 Qxh1 23. Bc5 Qxh6 24. Bxf8 Qxf8 25. Qxc3 Qg7
0-1

[Event "The Old Ones Are Sometimes The Best. . . "]
[Site "SchemingMind.com"]
[Date "2011.09.11"]
[Round "-"]
[White "cnbcad"]
[Black "aadaam"]
[Result "0-1"]
[WhiteCountry "USA"]
[BlackCountry "INT"]
[WhiteElo "1690"]
[WhiteRD "68"]
[BlackElo "1624"]
[BlackRD "73"]
[GameID "292772"]

1. e4 e6 2. d4 d5 3. Nc3 Bb4 4. Ne2 Nc6 5. e5 Nge7 6. g3 O-O 7. Bg2 Nf5 8. O-O Bd7 9. Be3 Nxe3 10. fxe3 Na5
11. a3 Be7 12. b4 Nc4 13. Nf4 Nxe3 14. Qd3 Nxf1 15. Rxf1 a5 16. b5 Bxa3 17. Ncxd5 exd5
0-1

[Event "The Old Ones Are Sometimes The Best. . . "]
[Site "SchemingMind.com"]
[Date "2011.09.12"]
[Round "-"]
[White "jtrochez1"]
[Black "aadaam"]
[Result "0-1"]
[WhiteCountry "HON"]
[BlackCountry "INT"]
[WhiteElo "1625"]
[WhiteRD "51"]
[BlackElo "1661"]
[BlackRD "82"]
[GameID "292773"]

1. e4 e6 2. d4 d5 3. e5 c5 4. c3 Nc6 5. Bb5 Qb6 6. Bxc6+ bxc6 7. Ne2 cxd4 8. Nxd4 Ba6 9. Qb3 c5 10. Qxb6 axb6
11. Nf3 Ne7 12. Bf4 Nc6 13. Nbd2 f6 14. exf6 gxf6 15. Nb3 e5 16. Bd2 O-O-O 17. O-O-O c4 18. Na1 Bc5 19. Rhf1 Rhg8 20. g3 Bb7
21. Nc2 b5 22. Kb1 Kc7 23. Be3 Bxe3 24. fxe3 Ne7 25. Kc1 Bc8 26. Ng1 Rg6 27. Ne2 Bg4 28. Rde1 Bxe2 29. Rxe2 h5 30. Ne1 Kb6
31. Kb1 Kc5 32. Nf3 b4 33. cxb4+ Kxb4 34. Rd1 Nc6 35. Ne1 Rg7 36. Nc2+ Kc5 37. Red2 Rgd7 38. Rf2 Rd6 39. Rf5 Rh8 40. h4 Ne7
41. Rf2 Rg8 42. e4 d4 43. Rg2 f5 44. exf5 Nxf5 45. Rdg1 d3 46. Re1 dxc2+ 47. Kxc2 Nd4+ 48. Kc3 Re6 49. b4+ cxb3 50. axb3 Rb8
51. Rb2 Kd5 52. Re3 Reb6 53. Kd2 Rxb3 54. Rbxb3 Nxb3+ 55. Ke2 Nd4+ 56. Kd1 Rg8 57. Kd2 Nf5 58. Re1 Rxg3 59. Rh1 e4 60. Ke2 Rg4
0-1

[Event "The Old Ones Are Sometimes The Best. . . "]
[Site "SchemingMind.com"]
[Date "2011.09.15"]
[Round "-"]
[White "agulla"]
[Black "aadaam"]
[Result "1-0"]
[WhiteCountry "ESP"]
[BlackCountry "INT"]
[WhiteElo "1787"]
[WhiteRD "118"]
[BlackElo "1578"]
[BlackRD "78"]
[GameID "292774"]

1. e4 e6 2. d3 c5 3. f4 Nc6 4. Nf3 d5 5. Nc3 Nf6 6. Qe2 Be7 7. Bd2 O-O 8. e5 Ne8 9. O-O-O a6 10. g4 b5
11. Qf2 Qa5 12. Kb1 b4 13. Ne2 Qc7 14. h4 Bb7 15. g5 f6 16. gxf6 gxf6 17. Bh3 f5 18. Rhg1+ Kh8 19. Qg3 Nd8 20. Ng5 h6
21. Nxe6 Nxe6 22. Qg6 N8g7 23. Qxh6+ Kg8 24. Qxe6+ Kh7 25. Qg6+
1-0

[Event "The Old Ones Are Sometimes The Best. . . "]
[Site "SchemingMind.com"]
[Date "2011.09.11"]
[Round "-"]
[White "cnile"]
[Black "aadaam"]
[Result "0-1"]
[WhiteCountry "SCO"]
[BlackCountry "INT"]
[WhiteElo "1437"]
[WhiteRD "62"]
[BlackElo "1624"]
[BlackRD "73"]
[GameID "292775"]

1. e4 e6 2. d4 d5 3. Nd2 c5 4. Ngf3 Nf6 5. Bd3 Nc6 6. e5 Nd7 7. c3 f6 8. Nf1 fxe5 9. Nxe5 Ndxe5 10. Qh5+ g6
11. Qe2 Nxd3+ 12. Qxd3 cxd4 13. cxd4 Bg7 14. Be3 Qb6 15. Rb1 Bxd4 16. Nd2 O-O 17. O-O Bxe3 18. Qxe3 Qxe3 19. fxe3 Bd7 20. Nf3 Nb4
21. a3 Nc2 22. Nd4 Nxd4 23. exd4 Rxf1+ 24. Rxf1 Rc8 25. b4 Rc3
0-1

[Event "The Old Ones Are Sometimes The Best. . . "]
[Site "SchemingMind.com"]
[Date "2011.09.16"]
[Round "-"]
[White "Olli Ylönen"]
[Black "aadaam"]
[Result "1-0"]
[WhiteCountry "FIN"]
[BlackCountry "INT"]
[WhiteElo "1734"]
[WhiteRD "51"]
[BlackElo "1578"]
[BlackRD "78"]
[GameID "292776"]

1. e4 e6 2. d4 d5 3. exd5 exd5 4. Bd3 Nf6 5. Nf3 Be7 6. O-O O-O 7. h3 h6 8. Bf4 c6 9. Nbd2 Be6 10. c3 Nbd7
11. Re1 Re8 12. Ne5 Nxe5 13. dxe5 Nh7 14. Qc2 Nf8 15. Nf3 Qd7 16. Nh2 b5 17. Re3 c5 18. Bxh6 gxh6 19. Rg3+ Kh8 20. Qd2
1-0

[Event "The Old Ones Are Sometimes The Best. . . "]
[Site "SchemingMind.com"]
[Date "2011.09.15"]
[Round "-"]
[White "HAZOP"]
[Black "cnbcad"]
[Result "0-1"]
[WhiteCountry "ALG"]
[BlackCountry "USA"]
[WhiteElo "1329"]
[WhiteRD "74"]
[BlackElo "1522"]
[BlackRD "58"]
[GameID "293040"]

1. e4 e6 2. Nf3 d5 3. Nc3 d4 4. Ne2 c5 5. d3 Nc6 6. Bf4 Bd6 7. g3 Bxf4 8. gxf4 f5 9. e5 b6 10. Bg2 Bb7
11. Qd2 Nge7 12. O-O-O O-O 13. Kb1 a5 14. c3 dxc3 15. Qxc3 Nd5 16. Qd2 Nd4 17. Nfxd4 Re8 18. Bxd5 Bxd5 19. Rhg1 cxd4
0-1